Countries Ending With S - Statistics

General Stats
  • This quiz has been taken 136 times
    88 since last reset
  • The average score is 14 of 17
Answer Stats
# Country % Correct
2 Barbados
88%
11 Netherlands
88%
1 Bahamas
86%
4 Comoros
86%
15 Seychelles
86%
9 Marshall Islands
83%
16 Solomon Islands
83%
12 Philippines
82%
5 Cyprus
80%
6 Honduras
80%
13 Saint Kitts and Nevis
80%
7 Laos
79%
8 Maldives
79%
14 Saint Vincent and the Grenadines
79%
3 Belarus
76%
10 Mauritius
74%
17 United Arab Emirates
65%
No matching quizzes found
Score Distribution
Percent of People with Each Score
Percentile by Number Answered
Your Score History
You have not taken this quiz since the last reset